000 00532cam a22002171 4500
001 sa 67001629
003 DLC
005 20260227112324.0
008 890612s1966 ii 000 0 urdr
010 _asa 67001629
035 _a(OCoLC)19854788
040 _aDLC
_cWaU
_dDLC
042 _apremarc
050 0 0 _aPK2184
_b.A43
110 2 _aAligarh Muslim University.
_bDepartment of Urdu.
245 1 0 _aUrdū shāʻirī.
260 _c[1966?]
300 _a189, 2 p.
_c22 cm.
500 _aIn Urdu.
650 0 _aUrdu poetry.
999 _c72772
_d72772